| 000 | 01270nam a2200349 a 4500 | ||
|---|---|---|---|
| 003 | CHAP | ||
| 005 | 20220329142850.0 | ||
| 008 | 041013d2001 mx r 10100 spa d | ||
| 010 | _a88918 | ||
| 011 | _a89890 | ||
| 020 | _a9688847380 | ||
| 035 | _a100441 | ||
| 040 | _cCHAP | ||
| 090 | _aFolleto 16814 | ||
| 111 | 0 | 0 |
_aCurso-taller el nopal forrajero, una alternativa alimentaria para el ganado ( _d2001 : _cNuevo León, N.L.) _930702 |
| 245 | 1 | 0 |
_aMemoria _c/ed. por Claudio A. Flores Valdéz |
| 260 |
_aChapingo, Méx. : _bUACH. Centro de Investigaciones Económicas, Sociales y Tecnológicas de la Agroindustria y de la Agricultura Mundial, _c2001. |
||
| 300 | _a74 p. | ||
| 590 |
_aBATCH-UPD _b10 _c20130110 _lUCH01 _h0351 |
||
| 590 |
_aBATCH-UPD _b10 _c20130110 _lUCH01 _h2011 |
||
| 590 |
_aBATCH-UPD _b10 _c20130410 _lUCH01 _h0024 |
||
| 590 |
_aBATCH-UPD _b10 _c20130410 _lUCH01 _h1631 |
||
| 590 |
_aBATCH-UPD _b10 _c20130914 _lUCH01 _h1419 |
||
| 590 |
_aCONVERSION _b10 _c20130109 _lUCH01 _h1349 |
||
| 650 | 1 | 4 |
_aNopal como forraje. _981712 |
| 650 | 1 | 4 |
_aNopal _xNuevo León. _981688 |
| 700 | 0 |
_aFlores Valdéz, Claudio A. _941773 |
|
| 901 | _aBK | ||
| 905 | _aAlejandra Carrasco M. | ||
| 942 | _cFOLL | ||
| 949 |
_aFolleto 16814 _bBC _cCONG _d1004411 _eCONG _i100441 _sb |
||
| 999 |
_c88918 _d88918 |
||